000 00881nas a2200301 4500
001 BR0500621
003 BR-BrBNA
005 20231205105124.0
007 ta
008 230509b bl.|||p| |||| 00| 00por d
040 _aBR-BrBNA
_bpor
_cBiblioteca Nacional de Agricultura
041 _a(Pt)
072 _aP34; P10
100 1 _aZangaro, W.
100 1 _aNisizaki, S.M.A.
100 1 _aDomingos, J.C.B.
100 1 _aNakano, E.M.
245 1 _aMicorriza arbuscular em espécies arbóreas nativas da bacia do rio Tibagi, Paraná
650 _aMICORRIZA ARBUSCULAR
650 _aESPÉCIE NATIVA
650 _aINOCULAÇÃO
650 _aVIVEIRO FLORESTAL
650 _aBACIA HIDROGRÁFICA
650 _aPARANÁ
773 0 _tCerne (Brazil)
_xISSN 0104-7760
_g(2002), v. 8(1) p. 77-87
_wBR0500621
909 _a202311
_bLúcia
_c55
_dLúcia Elande
942 _2AGRIS
_n0
_cANA
999 _c181356
_d181356